000 00219 a2200097 4500
001 58599
100 _a
245 _aAdvanced thermoset composites
260 _aUSA
_bVan Nostrand Renhold,
_c1986
090 _c35954
_d35954
942 _aNUST-CAE
_c28840
_c
999 _c293672
_d293672